00186nam a22000857a 4500082001900000100002400019245001800043260003000061300000900091 a621.3828 BER'A aBERNSTEIN, JULIAN L aAUDIO SYSTEMS aNEWYORKbJOHN WILEYc1966 a409P